| 000 | 00537nam a2200121Ia 4500 | ||
|---|---|---|---|
| 008 | 220620s9999||||xx |||||||||||||| ||und|| | ||
| 100 | _aHan, Je-Chin | ||
| 245 | 0 | _aAnalytical Heat Transfer | |
| 546 | _aEnglish[eng] | ||
| 650 | _aAerospace Engineering||Renewable Energy||Fluid Dynamics||ENG||MechanicalEngineering||SCI-TECH||STM||Analytical Heat Transfer||Bessel Functions||Integral Method||Separation Of Variables||Similarity Method | ||
| 856 | _uhttps://library.oapen.org/bitstream/20.500.12657/41666/1/9781439896891.pdf | ||
| 942 | _cEB | ||
| 999 |
_c26368 _d26368 |
||